000 01344nac a22003491u 4500
999 _c1108
_d1108
003 EG-ScBUE
005 20201128013212.0
008 131223r20032002nyua f bd 001 0 eng d
020 _a9780072881820
020 _a0072881828
040 _aEG-ScBUE
_beng
_erda
_cEG-ScBUE
_dEG-ScBUE
082 0 4 _a658.1552
_bHIL
_222
100 1 _aHilton, Ronald W.,
_eauthor.
_929366
245 1 0 _aCost management :
_bstrategies for business decisions /
_cRonald W. Hilton, Cornell University, Michael W. Maher, University of California, Davis, Frank H. Selto, University of Colorado at Boulder, The University of Melbourne.
250 _aSecond edition.
250 _aReprinted edition.
264 1 _aNew York, NY :
_bMcGraw-Hill Higher Education,
_c[2003]
264 4 _cc2003
300 _axxxix, 936 pages :
_bcolor illustrations ;
_c28 cm
336 _2rdacontent
_atext
_btxt
337 _2rdamedia
_aunmediated
_bn
338 _2rdacarrier
_avolume
_bnc
500 _aIncludes glossary.
504 _aIncludes bibliographical references and index.
650 7 _aManagerial accounting.
_2BUEsh
_91343
650 7 _aCost accounting.
_2BUEsh
_91340
653 _cDecember2013
_bBUSADM
655 _vReading book
_934232
700 1 _aMaher, Michael,
_d1946-
_eauthor.
_92142
700 1 _aSelto, Frank H.,
_eauthor.
_92143
942 _cBB
_k658.1552 HIL
_2ddc